000 00730cam a2200253 a 4500
001 000008082
005 20200929154426.0
008 791204s1994 sp 000 f spa d
020 _a8432230073
040 _aDO-SdBNP
_cDLC
_dDLC
082 _a863.64
_bM539m, 1994
100 1 _aMendoza, Eduardo,
_d1943-
_921986
245 1 3 _aEl misterio de la cripta embrujada /
_cEduardo Mendoza.
250 _a13a ed.
260 _aBarcelona :
_bSeix Barral,
_c1994.
300 _a178 p. ;
_c20 cm.
490 0 _aBiblioteca de bolsillo
650 4 _aNovela española
_91123
650 4 _aLiteratura española
_9632
830 0 _aBiblioteca de bolsillo
_95816
910 _aCatalogación por copia / LC
910 _aWM
049 _aBNGR
999 _c7859
_d7859